000 00783nam a22001817a 4500
005 20170531115231.0
020 _a9789350719084
_c495.00
035 _aB-666052
037 _adpl
_bVariety/Ven
082 _a343.54052
245 _aTaxmann's employees : how to save income tax
_bas amended by finance act 2016: asst. years 2016-17 & 2017-18 /
250 _a27th ed
260 _aNew Delhi
_bTaxmann Publications
_c2016
270 _a59/32, New Rohtak Road,
_bNew Delhi
_e110005
_k+91-11-45562222
_l-
_m-
300 _aI-34,376p.
_c24cm(pbk)
942 _2ddc
_cEN
_mTAX
_h343.54052
999 _c140605
_d140605